<?xml version="1.0" encoding="UTF-8"?>
<record
    xmlns:xsi="http://www.w3.org/2001/XMLSchema-instance"
    xsi:schemaLocation="http://www.loc.gov/MARC21/slim http://www.loc.gov/standards/marcxml/schema/MARC21slim.xsd"
    xmlns="http://www.loc.gov/MARC21/slim">

  <leader>01683nam a2200349 i 4500</leader>
  <controlfield tag="001">P20211012244</controlfield>
  <controlfield tag="008">220713s2011    ch      s     000 0 chi d</controlfield>
  <datafield tag="020" ind1=" " ind2=" ">
    <subfield code="a">9789866131059</subfield>
  </datafield>
  <datafield tag="050" ind1=" " ind2="4">
    <subfield code="a">BS1265.52</subfield>
    <subfield code="b">Z488 2006</subfield>
  </datafield>
  <datafield tag="245" ind1="0" ind2="0">
    <subfield code="6">880-01</subfield>
    <subfield code="a">Cheng wei Jidu tu</subfield>
    <subfield code="h">[electronic resource] :</subfield>
    <subfield code="b">Qikeguo shen xue = To be a christian : the theology of Soren Kierkegaard /</subfield>
    <subfield code="c">Li Lijuan zhu bian.</subfield>
  </datafield>
  <datafield tag="246" ind1="3" ind2="0">
    <subfield code="6">880-02</subfield>
    <subfield code="a">Qikeguo shen xue</subfield>
  </datafield>
  <datafield tag="246" ind1="3" ind2="1">
    <subfield code="a">To be a christian :</subfield>
    <subfield code="b">the theology of Soren Kierkegaard</subfield>
  </datafield>
  <datafield tag="250" ind1=" " ind2=" ">
    <subfield code="6">880-03</subfield>
    <subfield code="a">Chu ban.</subfield>
  </datafield>
  <datafield tag="260" ind1=" " ind2=" ">
    <subfield code="6">880-04</subfield>
    <subfield code="a">Xinbei Shi :</subfield>
    <subfield code="b">Taiwan Jidu jiao wen yi,</subfield>
    <subfield code="c">2011.</subfield>
  </datafield>
  <datafield tag="300" ind1=" " ind2=" ">
    <subfield code="a">268 p.</subfield>
  </datafield>
  <datafield tag="490" ind1="1" ind2=" ">
    <subfield code="6">880-05</subfield>
    <subfield code="a">Zhong yuan da xue Jidu jiao xue shu cong shu jiu xi lie ;</subfield>
    <subfield code="v">7</subfield>
  </datafield>
  <datafield tag="504" ind1=" " ind2=" ">
    <subfield code="a">Includes bibliographical references.</subfield>
  </datafield>
  <datafield tag="533" ind1=" " ind2=" ">
    <subfield code="a">Electronic reproduction.</subfield>
    <subfield code="b">New Taipei City :</subfield>
    <subfield code="c">Airiti.</subfield>
    <subfield code="n">System requirements: iRead eBook.</subfield>
    <subfield code="n">Available via World Wide Web.</subfield>
  </datafield>
  <datafield tag="600" ind1="1" ind2="0">
    <subfield code="a">Kierkegaard, Soren,</subfield>
    <subfield code="d">1813-1855.</subfield>
  </datafield>
  <datafield tag="650" ind1=" " ind2="0">
    <subfield code="a">Theology, Doctrinal.</subfield>
  </datafield>
  <datafield tag="700" ind1="1" ind2=" ">
    <subfield code="6">880-06</subfield>
    <subfield code="a">Li, Lijuan.</subfield>
  </datafield>
  <datafield tag="830" ind1=" " ind2="0">
    <subfield code="6">880-07</subfield>
    <subfield code="a">Zhong yuan da xue Jidu jiao xue shu cong shu jiu xi lie ;</subfield>
    <subfield code="v">7.</subfield>
  </datafield>
  <datafield tag="856" ind1="4" ind2="0">
    <subfield code="u">https://www.airitibooks.com/Detail/Detail?PublicationID=P20211012244</subfield>
  </datafield>
  <datafield tag="880" ind1="0" ind2="0">
    <subfield code="6">245-01/</subfield>
    <subfield code="1"></subfield>
    <subfield code="a">&#x6210;&#x70BA;&#x57FA;&#x7763;&#x5F92;</subfield>
    <subfield code="h">[electronic resource] :</subfield>
    <subfield code="b">&#x7941;&#x514B;&#x679C;&#x795E;&#x5B78; = To be a christian : the theology of Soren Kierkegaard /</subfield>
    <subfield code="c">&#x674E;&#x9E97;&#x5A1F;&#x4E3B;&#x7DE8;.</subfield>
  </datafield>
  <datafield tag="880" ind1="3" ind2="0">
    <subfield code="6">246-02/</subfield>
    <subfield code="1"></subfield>
    <subfield code="a">&#x7941;&#x514B;&#x679C;&#x795E;&#x5B78;</subfield>
  </datafield>
  <datafield tag="880" ind1=" " ind2=" ">
    <subfield code="6">250-03/</subfield>
    <subfield code="1"></subfield>
    <subfield code="a">&#x521D;&#x7248;.</subfield>
  </datafield>
  <datafield tag="880" ind1=" " ind2=" ">
    <subfield code="6">260-04/</subfield>
    <subfield code="1"></subfield>
    <subfield code="a">&#x65B0;&#x5317;&#x5E02; :</subfield>
    <subfield code="b">&#x81FA;&#x7063;&#x57FA;&#x7763;&#x6559;&#x6587;&#x85DD;,</subfield>
    <subfield code="c">2011.</subfield>
  </datafield>
  <datafield tag="880" ind1="1" ind2=" ">
    <subfield code="6">490-05/</subfield>
    <subfield code="1"></subfield>
    <subfield code="a">&#x4E2D;&#x539F;&#x5927;&#x5B78;&#x57FA;&#x7763;&#x6559;&#x5B78;&#x8853;&#x53E2;&#x66F8;&#x7A76;&#x7CFB;&#x5217; ;</subfield>
    <subfield code="v">7</subfield>
  </datafield>
  <datafield tag="880" ind1="1" ind2=" ">
    <subfield code="6">700-06/</subfield>
    <subfield code="1"></subfield>
    <subfield code="a">&#x674E;&#x9E97;&#x5A1F;.</subfield>
  </datafield>
  <datafield tag="880" ind1=" " ind2="0">
    <subfield code="6">830-07/</subfield>
    <subfield code="1"></subfield>
    <subfield code="a">&#x4E2D;&#x539F;&#x5927;&#x5B78;&#x57FA;&#x7763;&#x6559;&#x5B78;&#x8853;&#x53E2;&#x66F8;&#x7A76;&#x7CFB;&#x5217; ;</subfield>
    <subfield code="v">7.</subfield>
  </datafield>
  <datafield tag="999" ind1=" " ind2=" ">
    <subfield code="c">38852</subfield>
    <subfield code="d">38852</subfield>
  </datafield>
</record>
